000 00569nam a2200193Ia 4500
005 20250326144638.0
008 250326s9999 xx 000 0 und d
020 _a978-81-7194-544-3
037 _aAnnuals, Advances
040 _aFMSL
_beng
_cFMSL
041 _aeng
_2eng
084 _aX724 P9;1
_qFMSL
100 _aSinghania V K
245 0 _aTaxmann students's guide to income tax
_cSinghania V K; Singhania M
260 _aNew Delhi
_bNew Delhi, TAXMANN
_c2009
300 _a934p
942 _cTB
_hX724 P9;1
999 _c1304461
_d1304461